000 nam a22 7a 4500
999 _c7586
_d7586
008 170921b xxu||||| |||| 00| 0 eng d
100 _94077
_aCBSE
245 _aInteract in English Language-X
260 _aNew delhi
_bCBSE
_c2008